00310nam a2200121Ia 4500008004100000041000800041082001600049100001000065245004500075260003800120300002300158365000700181240624s9999 xx 000 0 und d aeng a423.071 ICF aICFAI aMETHODOLOGY OF TEACHING ENGLISH I WORKBO c2004aHyderabadbICFAI University a60 : p. : cm. ; 26 cRS